000
00222 a2200097 4500
001
59835
100
_a
245
_a
Qurbat-e-Marg mai Muhabbat
260
_a
Lahore
_b
Sang-e-meel publications
_c
2001
090
_c
36669
_d
36669
942
_a
NUST-CAE
_c
_c
29634
999
_c
294908
_d
294908